| 000 | 00971nam a2200253 a 4500 | ||
|---|---|---|---|
| 001 | 000016823 | ||
| 005 | 20260304092050.0 | ||
| 008 | 100310s2002 dr a r 000 0 spa d | ||
| 040 |
_aDO-SdBNP _bspa _cBNPHU |
||
| 082 |
_axxxx _bE74m |
||
| 245 | 0 | 0 |
_aEscuela multigrado innovada (EMI) : _buna opción a favor de la niñez del campo / _cVicky Colbert...[et al.]. ; presentación Milagros Ortíz Bosch. |
| 260 |
_aSanto Domingo : _bSecretaría de Estado de Educación, _c2002. |
||
| 300 |
_a156 p. : _bil. ; _c29 cm. |
||
| 490 | 1 |
_aInvestigación Educativa _v1 |
|
| 500 | _aIncluye referencias bibliográficas y notas al pie de las páginas | ||
| 700 | 1 |
_aColbert, Vicky _937258 |
|
| 700 | 1 |
_aRojas, Manuel _937259 |
|
| 700 | 1 |
_aRodríguez, Ana _937260 |
|
| 700 | 1 |
_aRodríguez, Martha _937261 |
|
| 700 | 1 |
_aRodríguez, Patricia _937262 |
|
| 700 | 1 |
_aVargas, Tahira _91966 |
|
| 700 | 1 |
_aOrtiz Bosch, Milagros, 1936- _926797 |
|
| 830 | 0 |
_aInvestigación Educativa _n1 _937263 |
|
| 999 |
_c16355 _d16355 |
||